Datum a čas kvízu

27 Celkem bodů Celkový počet nahraných bodů na tomto kvízu bez doplňovacích otázek.
5. Pořadí na kvízu Konečné umístění týmu na tomto kvízu.

Zaznamenané odpovědi

# Otázka Odpověď Body Výsledky
1. Který 63letý muž se ve čtvrtek... Jiří Kajínek 0
2. Vědci představili revoluční zp... hlavy 1
3. Která hollywoodská herečka si... Scarlett Johansson 1
4. Minulý týden byl oznámen konec... ICQ 1
5. Jak se jmenuje 23letý český te... Tomáš Macháč 1
6. Středověk bývá obvykle ohranič... D 0
7. Jak se jmenoval významný střed... Vilém I. Dobyvatel 0
8. Přemyslovci v českých zemích v... C 0
9. Vytvořte z těchto středověkých... 1A 2D 3C 4B 1
10. Závěrem tématu se podíváme na... tulipán 0